Responses for Show #4871 - Monday, November 14, 2005

2005 College Championship semifinal game 1.
From the RBC Center in Raleigh, North Carolina.

Contestants

[<< previous game]

Antonia Wang, a sophomore at Purdue University from Carmel, Indiana

Jayanth Iyengar, a junior at Washington University in St. Louis from Madison, Wisconsin

Amanda Walker, a junior at Gonzaga University from East Wenatchee, Washington

[next game >>]

Jeopardy! Round responses

IN THE NEWS 2005
SCARY MOVIES
PRESS ON NAILS
THAT'S MY ROYAL NICKNAME
COLLEGE COURSES
GO "STATE"!
    $200 1
Iran

Antonia
    $200 16
The Blair Witch Project

Amanda
    $200 26
The New York Times

Jayanth
    $200 6
Vlad

Amanda
    $200 7
concrete

Jayanth
    $200 21
Secretary of State

Amanda
    $400 2
CAFTA

Jayanth
    $400 17
(Alex: She uses [*]. Amanda, back--oh, you're putting your glasses on now.)
(Amanda: Yes, need to be able to read.)

The Skeleton Key

Triple Stumper
    $400 27
Dan Rather

Antonia
    $400 9
Edward

Jayanth
    $400 8
Chaucer

Antonia
    $400 22
the State of the Union address

Jayanth
    $600 3
Tom DeLay

Antonia
    $600 18
Red Eye

Antonia
    $600 28
Cuba

Jayanth
    $1,000 10
Suleiman

Jayanth
    $600 12
women's studies

Antonia
    $600 23
devastate

Jayanth
    $800 4
(Jayanth: Uh, what is Kazaa?)
...
(Alex: What is [*] or "Grahkster"?)

Grokster

Jayanth
Triple Stumper
    $800 19
the House of Wax

Antonia
    $800 29
Thomas Paine

Jayanth
    $800 11
the Byzantine Empire

Amanda
    $800 14
Paul

Amanda
    $800 24
the Fourth Estate

Amanda
    $1000 5
Robert Blake

Antonia
    $1000 20
Rob Zombie

Triple Stumper
    $1000 30
Upton Sinclair

Jayanth
    $1000 13
"the Bald"

Jayanth
    $1000 15
ichthyology

Amanda
    $1000 25
intestate

Jayanth

Scores at the first commercial break (after clue 15):

Amanda Jayanth Antonia
$2,800 $2,200 $2,800

Scores at the end of the Jeopardy! Round:

Amanda Jayanth Antonia
$4,000 $6,800 $4,600

Double Jeopardy! Round responses

POETS & POETRY
MC TREBEK IN DA HIZZ-OUSE
WHICH TIME ZONE?
A DANGEROUS CATEGORY
A CLOSE LOOK AT ART
"UMP" IT UP
    $400 16
Walt Whitman

Amanda
    $400 1
Eminem

Amanda
    $400 9
Central

Antonia
    $400 21
(Amanda: What is a bucking bronco?)

a bull

AmandaAntonia
    $400 22
Van Gogh

Antonia
    $400 6
jumping

Amanda
    $800 17
a peach

Triple Stumper
    $800 2
Nelly

Amanda
    $800 10
Eastern

Amanda
    $800 27
the United States

Jayanth
    $800 23
Rembrandt

Jayanth
    $800 7
pumpernickel

Amanda
    $2,000 18
Maya Angelou

Amanda
    $1200 3
(Alex: You're right again, but you've got a wasted youth, I fear.)

Snoop Dogg

Amanda
    $1200 11
Mountain

Amanda
    $1,800 28
the sirens

Jayanth
    $1200 24
a self-portait

Antonia
    $1200 8
a lump (sum)

Antonia
    $1600 19
beauty is truth; truth beauty

Jayanth
    $1600 4
The Beastie Boys

Triple Stumper
    $1600 12
Pacific

Jayanth
    $1600 29
coal miners

Jayanth
    $1600 25
crutches

Amanda
    $1600 14
Kuala Lumpur

Jayanth
    $2000 20
(Antonia: What is The White Cliffs of Dover?)

Dover Beach

Antonia
Triple Stumper
    $2000 5
(Alex: That's what I would've said if I were [*].)

LL Cool J

Triple Stumper
    $2000 13
Central

Jayanth
    $2000 30
(Antonia: What is the Cape of Good Hope?)

Cape Horn

JayanthAntonia
    $2000 26
Icarus

Amanda
    $2000 15
the Mugwumps

Triple Stumper

Scores at the end of the Double Jeopardy! Round:

Amanda Jayanth Antonia
$15,200 $20,600 $4,200

[wagering suggestions for these scores]

Final Jeopardy! Round responses

AMERICAN DESIGN
AntoniaWho is Rockwell?
$4,199
AmandaWho was Frank Lloyd Wright?
$15,199
JayanthWho is Frank Lloyd Wright?
$9,801
Frank Lloyd Wright

Final scores:

Amanda Jayanth Antonia
$30,399 $30,401 $1
2nd place: $10,000 Finalist 3rd place: $10,000

Game dynamics:

Coryat scores:

Amanda Jayanth Antonia
$14,400 $19,600 $4,200
18 R
(including 1 DD),
1 W
21 R
(including 2 DDs),
1 W
13 R,
2 W

Combined Coryat: $38,200

[game clues] [game scores] [suggest correction]

Game tape date: 2005-10-02
The J! Archive is created by fans, for fans. Scraping, republication, monetization, and malicious use prohibited; this site may use cookies and collect identifying information. See terms. The Jeopardy! game show and all elements thereof, including but not limited to copyright and trademark thereto, are the property of Jeopardy Productions, Inc. and are protected under law. This website is not affiliated with, sponsored by, or operated by Jeopardy Productions, Inc. Join the discussion at JBoard.tv.